00506nam a2200181Ia 4500008004100000020001800041082000800059100002300067245002000090250000600110260004300116300001000159500002400169650001700193942000700210952009000217999001700307230524s9999 xx 000 0 und d a9780141014630 bKAK aMichio Kaku941802 0aParallel Worlds a1 aUnited State of AmericabPenguinc2005 a427p; aQuantity Number: 1 aMisalliance  cBK 00104070aTATCLbTATCLcGENd2023-05-24l0o KAKp53459r2023-05-24w2023-05-24yBK c56224d56224